000 00343nab a22001097u 4500
008 130520b1989 xxu||||| |||| 00| 0 spa d
041 _aspa
100 1 _aRodríguez, V.
_978613
245 0 0 _aPeculiaridades de la teología de Juan de Sto. Tomás
_cV. Rodríguez
773 0 _tAngelicum
_gV.66,1989,págs. 185-192
_x0003-3081
_wRev26
942 _cAR
999 _c389128
_d389128